Title in the Lyrics - Taylor Swift - Statistics

General Stats
  • This quiz has been taken 10,348 times
  • The average score is 38 of 45
Answer Stats
Answer % Correct
You'll be the prince and I'll be the princess / It's a {love} {story} baby just say yes
97%
Got a long list of ex-lovers / They'll tell you I'm insane / But I've got a {blank} {space} baby / And I'll write your name
96%
And when we go crashing down we come back every time / We never go out of {style}, we never go out of {style}
95%
If you could see that I'm the one who understands you / Been here all along so why can't you see? / {You} {belong} {with} {me}
94%
Take me out, take me home / You're my, my, my, my / {lover}
94%
I got a list of names and yours is in red, underlined / I check it once, and I check it twice oh / Ooh {look} {what} {you} {made} {me} {do}
93%
I like shiny things but I'd marry you with {paper} {rings}
93%
Red lips and rosy cheeks / Say you'll see me again even if it's just in your {wildest} {dreams} ahh ahhh
93%
All I can say is I was {enchanted} to meet you
92%
I don't know about you, but I'm feelin' {22}
92%
Wind in my hair, I was there, I remember it {all} {too} {well}
92%
And when I felt like I was an old {cardigan} under someone's bed / You put me on and said I was your favorite
91%
You were driving the {getaway} {car} / We were flyin', but we'd never get far
91%
And it's new, the shape of your body it's blue / The feeling I've got and it's / Oooh woah oh / It's a {cruel} {summer} with you
90%
Some day I'll be living in a big old city / And all you're ever gonna be is {mean} / Why you gotta be so {mean}?
90%
And I don't know how it gets better than this / You take my hand and drag me head first, {fearless}
88%
Only bought this {dress} so you could take it off, take it off ah ah ahhh
88%
{Our} {song} is the slamming screen door / Sneakin' out late, tapping on your window
88%
You are the best thing that's even been {mine}
88%
And I can see us lost in the memories / {August} slipped away like a moment in time / 'Cause you were never mine
87%
'Cause when you're {fifteen} and somebody tells you they love you, you're gonna believe them
87%
Is it cool that I said all that? / Is it chill that you're in my head / 'Cause I know that it's {delicate}
87%
So this is me swallowing my pride, standing in front of you saying I'm sorry for that night / And I go {back} {to} {December} all the time
86%
{I} {knew} {you} {were} {trouble} when you walked in / So shame on me now
83%
And by morning, gone was any trace of you / I think I am finally {clean}
82%
As far as I'm concerned you're just another {picture} {to} {burn}
82%
He's the reason for the {teardrops} {on} {my} {guitar} / The only thing that keeps me wishing on a wishing star
82%
Life was a {willow} and it bent right to your wind / But I come back stronger than a '90s trend
81%
{Betty} I won't make assumptions about why you switched your homeroom, but / I think it's 'cause of me
80%
In my defense I have none / For never leaving well enough alone / But it would've been fun / If you would've been {the} {1}
80%
Isn't it just so pretty to think, all along there was some {invisible} {string} / Tying you to me
80%
I want your midnights / But I'll be cleaning up bottles with you on {New} {Year}'{s} {Day}
79%
Your mom's ring in your pocket / Her picture in your wallet / You won't remember all my {champagne} {problems}
79%
{Dear} {John}, I see it all now that you're gone / Don't you think I was too young to be messed with?
78%
I think he did it but I just can't prove it / No, {no} {body}, {no} {crime}
78%
You {should've} {said} {no}, you should've gone home, you should've thought twice 'fore you let it all go
78%
When you think {Tim} {McGraw}, I hope you think of me
77%
{This} {love} is good, {this} {love} is bad, {this} {love} is alive back from the dead
75%
My house of stone, your {ivy} grows / And now I'm covered in you
71%
Now it's too late for you and your {white} {horse} to come around
71%
Saying goodbye is {death} {by} {a} {thousand} {cuts} / Flashbacks waking me up
70%
But I don't like a {gold} {rush}, {gold} {rush} / I don't like anticipating your face in a red flush
67%
On a Wednesday, in a café / I watched it {begin} {again}
67%
{I} {think} {he} {knows} his footprints on the sidewalk lead to where I can't stop / Go there every night
62%
And darling it was good / Never looking down / And right there where we stood / Was {holy} {ground}
57%
No matching quizzes found
Score Distribution
Percent of People with Each Score
Percentile by Number Answered
Your Score History
You have not taken this quiz